000 00749nam a22002537a 4500
003 UA-OsUOA
001 28171
007 ta
008 20040928b un ||||| |||| 00| 0 ukr d
100 _aВовк П. С.
090 _a811.161.1
_bВ61
942 _cBK
040 _aUA-OsUOA
_brus
_cUA-OsUOA
_dUA-OsUOA
245 _aРусский язык как иностранный
_bФилология. Акцентология. Практикум ( на материале экономических текстов)
300 _a312 с.
_bІлюстрації
955 _a0
041 _arus
080 _a811.161.1
020 _a5-7763-2601-Х
260 _aКиев
_bИСДОУ
_c1995
044 _aUA
650 7 _2UDC
999 _c314532
_d314532